5HLuxD.jpg

KING HENRY VIII SENIOR AND PRIMARY SCHOOL LIBRARY OPAC

Journey beyond the burrow / (Record no. 3454)

000 -LEADER
fixed length control field 01259cam a2200325 i 4500
001 - CONTROL NUMBER
control field a1217002
003 - CONTROL NUMBER IDENTIFIER
control field OSt
005 - DATE AND TIME OF LATEST TRANSACTION
control field 20240120160155.0
008 - FIXED-LENGTH DATA ELEMENTS--GENERAL INFORMATION
fixed length control field 220530t20212021nyua c 000 1 eng d
020 ## - INTERNATIONAL STANDARD BOOK NUMBER
International Standard Book Number 9780063016033
Qualifying information (hardcover) :
040 ## - CATALOGING SOURCE
Original cataloging agency DLC
Language of cataloging eng
Transcribing agency DLC
Modifying agency TOH
-- MJ8
-- OCO
-- ZAC
-- OCLCF
-- IZ8
-- EHH
-- SDD
-- NZAUC
-- DLC
-- OCLCO
-- TAE
-- KH8
Description conventions rda
042 ## - AUTHENTICATION CODE
Authentication code nbic
082 0# - DEWEY DECIMAL CLASSIFICATION NUMBER
Classification number 813.6 HEI
100 1# - MAIN ENTRY--PERSONAL NAME
Personal name Heisel, Rina,
Relator term author.
245 10 - TITLE STATEMENT
Title Journey beyond the burrow /
Statement of responsibility, etc. Rina Heisel.
250 ## - EDITION STATEMENT
Edition statement First edition.
264 #1 - PRODUCTION, PUBLICATION, DISTRIBUTION, MANUFACTURE, AND COPYRIGHT NOTICE
Place of production, publication, distribution, manufacture New York, NY :
Name of producer, publisher, distributor, manufacturer Harper, an imprint of HarperCollins Publishers,
Date of production, publication, distribution, manufacture, or copyright notice [2021]
264 #4 - PRODUCTION, PUBLICATION, DISTRIBUTION, MANUFACTURE, AND COPYRIGHT NOTICE
Date of production, publication, distribution, manufacture, or copyright notice ©2021.
300 ## - PHYSICAL DESCRIPTION
Extent 270 pages :
Other physical details illustrations ;
Dimensions 22 cm.
336 ## - CONTENT TYPE
Content type term text
Content type code txt
Source rdacontent.
337 ## - MEDIA TYPE
Media type term unmediated
Media type code n
Source rdamedia.
338 ## - CARRIER TYPE
Carrier type term volume
Carrier type code nc
Source rdacarrier.
520 ## - SUMMARY, ETC.
Summary, etc. When young mouse Tobin has his baby brother snatched from his burrow by monstrous spiders, Tobin and his friends must embark on a dangerous journey deep into their forest home to save him, encountering new friends along the way.
521 1# - TARGET AUDIENCE NOTE
Target audience note Ages 8-12.
650 #0 - SUBJECT ADDED ENTRY--TOPICAL TERM
Topical term or geographic name entry element Mice
Form subdivision Juvenile fiction.
650 #0 - SUBJECT ADDED ENTRY--TOPICAL TERM
Topical term or geographic name entry element Forest animals
Form subdivision Juvenile fiction.
650 #0 - SUBJECT ADDED ENTRY--TOPICAL TERM
Topical term or geographic name entry element Rescues
Form subdivision Juvenile fiction.
650 #0 - SUBJECT ADDED ENTRY--TOPICAL TERM
Topical term or geographic name entry element Friendship
Form subdivision Juvenile fiction.
942 ## - ADDED ENTRY ELEMENTS (KOHA)
Source of classification or shelving scheme
Koha item type Books - Fiction
Holdings
Withdrawn status Lost status Source of classification or shelving scheme Damaged status Not for loan Collection code Permanent Location Current Location Shelving location Date acquired Total Checkouts Full call number Barcode Date last seen Date last checked out Price effective from Koha item type
          Fiction KH8 Primary School Library KH8 Primary School Library Non Fiction 2024-01-20 6 813.6 HEI KHPL000004400 2025-12-05 2025-11-03 2024-01-20 Books - Fiction

Powered By KH8 IT Dept